| 000 | 00738cab a2200229 4500 | ||
|---|---|---|---|
| 001 | WB3240-24 | ||
| 008 | 090401t1996 xxu||||| |||| 00| 0 eng d | ||
| 035 | _a(Sirsi) u33926 | ||
| 041 | _aeng | ||
| 245 | _aPlans to double English woodlands | ||
| 260 | _c1996 | ||
| 350 | _a0 | ||
| 490 |
_aGuardian _v23 October 1996, 8(1) |
||
| 520 | _aThe Countryside and Forestry Commissions have launched plans for a massive tree-planting scheme for England, which would double woodland cover to 15% of the total land surface. | ||
| 650 | _aCOUNTRYSIDE COMMISSION | ||
| 650 | _aFORESTRY COMMISSION | ||
| 650 | _aTREE PLANTING | ||
| 650 | _aWOODLANDS | ||
| 690 | _aENVIRONMENTAL AND LAND CONSULTANCY | ||
| 942 | _n0 | ||
| 948 | _c04/03/1997 | ||
| 999 |
_c22550 _d22550 |
||